000 02086cam a22003737a 4500
001 13528497
003 ARRUPE
005 20150409020006.0
008 040318s2004 cau b 001 0 eng
010 _a 2004006421
020 _a0787971006 (alk. paper)
020 _a9780470453766 (pbk.)
040 _aDLC
_cDLC
_dDLC
042 _apcc
050 0 0 _aBV4501.3
_b.P3555 2008
082 0 0 _a248.4
_222
100 1 _aPalmer, Parker J.
_912963
245 1 2 _aA hidden wholeness :
_bthe journey toward an undivided life /
_cParker J. Palmer.
246 3 0 _aJourney toward an undivided life
246 1 _iTitle on DVD:
_aCircles of trust :
_bthe work of Parker J. Palmer
250 _a1st ed.
260 _aSan Francisco, CA :
_bJossey-Bass,
_c[2008], c2004.
300 _axi, 260 p. ;
_c20 cm. +
_e1 videodisc (DVD : sd., col. ; 4 3/4 in.)
500 _aAccompanying DVD copyright 2008.
504 _aIncludes bibliographical references (p. 187-195) and index.
505 0 _aPrelude : The blizzard of the world -- Images of integrity : living "divided no more" -- Across the great divide : rejoining soul and role -- Explorations in true self : intimations of the soul -- Being alone together : a community of solitudes -- Preparing for the journey : creating circles of trust -- The truth told slant : the power of metaphor -- Deep speaks to deep : learning to speak and listen -- Living the questions : experiments with truth -- On laughter and silence : not-so-strange bedfellows -- The third way : nonviolence in everyday life.
650 0 _aSpiritual life.
_94105
856 4 2 _3Publisher description
_uhttp://www.loc.gov/catdir/description/wiley042/2004006421.html
856 4 2 _3Contributor biographical information
_uhttp://www.loc.gov/catdir/bios/wiley047/2004006421.html
856 4 1 _3Table of contents
_uhttp://www.loc.gov/catdir/toc/ecip0416/2004006421.html
906 _a7
_bcbc
_corignew
_d1
_eecip
_f20
_gy-gencatlg
942 _2lcc
_cMONOGRAPH
_02
999 _c121357
_d121357